History Quiz

Random History or Country Quiz

World Reacts to bin Laden's Death Quiz Stats

 Plays Quiz not verified by Sporcle

Also try: Born in 1950
Challenge
Share
Tweet
Embed
Score 0/12 Timer 04:00
0 Plays Today
Quote Country % Correct
This is a time to remember all those murdered by Osama bin Laden...to thank all those who work round the clock to keep us safe from terrorism. (David Cameron)UK
91.2%
Osama bin Laden suggested he was operating in the name of Islam, but in reality he makes a mockery of the fundamental values of his own and every other religion. (Angela Merkel)Germany
81.3%
A victory of good against evil, of justice against malignancy. It is a victory of the free and democratic world. (Franco Frattini)Italy
79.3%
We pay our respects to the efforts of those concerned, including the U.S. and Pakistan. We regard this as part of a united effort to fight against terrorism. (Naoto Kan)Japan
74.1%
This is a resounding victory for justice, freedom and for the joint values of all the countries that fight side by side determinedly against terror. (Benjamin Netanyahu)Israel
72.6%
The world must not let down its united effort to overcome terrorism and eliminate the safe havens that have been provided to terrorists in our own neighborhood. (M. Krishnas)India
67.4%
A promoter of the ideology of hatred...responsible for the deaths of thousands of victims, especially in Muslim countries. For his victims, justice has been done. (Nicolas Sarkozy)France
60.3%
Our fight against terrorism does not end with bin Laden's death. We must remain vigilant against the threat posed by al Qaeda and the groups it has inspired. (Julia Gillard)Australia
53.4%
[This] was the first country to be attacked by al Qaeda and Osama bin Laden's death comes as a relief to many of the victims of the bombings in East Africa. (Alfred Mutua)Kenya
51.3%
It should teach a lesson that the leader of the world's most dangerous and sophisticated terrorist organization is captured this way. (Abdullah Gul)Turkey
29.3%
[This country] was among the first countries to face the dangers inherent in global terrorism...Retribution will inevitably reach all terrorists. (Official)Russia
29%
A truly historic moment. We welcome the news ... millions of people will sleep in peace tonight. (Official))Yemen
15.4%

You're not logged in!

Compare scores with friends on all Sporcle quizzes.
Join for Free
OR
Log In

You Might Also Like...

Show Comments

Extras

Top Quizzes Today


Score Distribution

Your Account Isn't Verified!

In order to create a playlist on Sporcle, you need to verify the email address you used during registration. Go to your Sporcle Settings to finish the process.

Report this User

Report this user for behavior that violates our Community Guidelines.

Details: